00617nam a2200169Ia 4500008004100000020001500041041000800056082001600064100002400080245009900104250000600203260004400209300001200253650003300265999001900298952013000317210716s2006 xx 000 0 und d a8120329627 aeng a004.22 STAW aStallings, William. aComputer organization and architecture: designing for performance.bDesigning for performance. a7 aNew DelhibPrentice Hall of Indiac2006 axiv,778 aComputer Arch., Org.(004.22) c187533d187533 001040708MCAaAIMITbAIMITeSita Book Houseg350.00l0o004.22 STAWpMCA07041r2025-07-21 00:00:00v280.00w2021-07-16yBK